[Event "Open Olomouc 2005"]
[Site "Olomouc (CZE)"]
[Date "2005.??.??"]
[Round "9.8"]
[White "MARZANO, CARLO."]
[Black "KRAPIVIN, VLADISLAV."]
[Result "1-0"]
[WhiteElo "2201"]
[BlackElo "2410"]
[PlyCount "79"]
[EventDate "2005.08.04"]

1. d4 d6 2. Nf3 Nf6 3. c4 Nbd7 4. Nc3 e5 5. e4 Be7 6. Be2 O-O 7. O-O c6 8. Re1
a6 9. Bf1 Re8 10. d5 Qc7 11. h3 cxd5 12. Nxd5 Nxd5 13. cxd5 a5 14. Be3 Nc5 15.
Rc1 b6 16. Bb5 Rf8 17. a3 Qd8 18. Nd2 a4 19. Bxc5 bxc5 20. Bxa4 Bg5 21. Bc6 Rb8
22. Rb1 Ba6 23. Qc2 Qa5 24. Nb3 Qb6 25. Nd2 Bxd2 26. Qxd2 Qb3 27. Re3 Qa2 28.
Qc1 c4 29. Ba4 Rb6 30. b4 cxb3 31. Bxb3 Rxb3 32. Rexb3 Qe2 33. Qe3 Qa2 34. R3b2
Qc4 35. Rb4 Qa2 36. Rb8 Bc8 37. Qc3 Ba6 38. Rxf8+ Kxf8 39. Rb8+ Ke7 40. Qc7+
1-0

[Event "Open Olomouc 2005"]
[Site "Olomouc (CZE)"]
[Date "2005.??.??"]
[Round "9.9"]
[White "SATYAPRAGYAN, SWAYANGSU."]
[Black "ILANDZIS, SPYRIDON."]
[Result "1-0"]
[WhiteElo "2397"]
[BlackElo "2225"]
[PlyCount "97"]
[EventDate "2005.08.04"]

1. e4 c5 2. Nf3 d6 3. Bc4 e6 4. Bb3 Nf6 5. d3 Be7 6. O-O O-O 7. c3 Nbd7 8. Re1
b5 9. Nbd2 a5 10. Bc2 Bb7 11. Nf1 Re8 12. d4 cxd4 13. cxd4 e5 14. Ng3 g6 15.
Bg5 Rc8 16. Qd2 Bf8 17. Bd3 Qb6 18. d5 Bg7 19. Rad1 Nc5 20. Bb1 b4 21. Nh4 Ncd7
22. h3 a4 23. Be3 Nc5 24. Nhf5 gxf5 25. Nxf5 Qd8 26. Bxc5 Rxc5 27. Qg5 Nh5 28.
Qxh5 Qf6 29. Rd3 Kh8 30. Qd1 Ra5 31. Qd2 Rb5 32. Rg3 Rg8 33. Bd3 Rb6 34. Rc1
Qd8 35. Qe3 Bf8 36. Rxg8+ Kxg8 37. Kh2 Kh8 38. Be2 Ba6 39. Bxa6 Rxa6 40. Rc4
Rb6 41. b3 axb3 42. axb3 f6 43. Qc1 Rb8 44. Rc7 Qe8 45. Qc6 Qh5 46. Rc8 Rxc8
47. Qxc8 Kg8 48. Qe6+ Qf7 49. g4 1-0

[Event "Open Olomouc 2005"]
[Site "Olomouc (CZE)"]
[Date "2005.??.??"]
[Round "9.10"]
[White "SHETTY, RAHUL."]
[Black "POKORNY, MILAN."]
[Result "1/2-1/2"]
[WhiteElo "2367"]
[BlackElo "2217"]
[PlyCount "114"]
[EventDate "2005.08.04"]

1. e4 e6 2. d4 d5 3. Nc3 Bb4 4. e5 c5 5. a3 Bxc3+ 6. bxc3 Ne7 7. Qg4 Qc7 8.
Qxg7 Rg8 9. Qxh7 cxd4 10. Ne2 Nbc6 11. f4 Bd7 12. Qd3 dxc3 13. Qxc3 O-O-O 14.
Rb1 Nf5 15. Rg1 d4 16. Qc5 b6 17. Qc4 Kb8 18. g4 Nh4 19. Rg3 Bc8 20. Bd2 Bb7
21. Bb4 Ka8 22. Kf2 Rd5 23. Rd1 Rc8 24. Bd6 Qd7 25. Qd3 Ra5 26. Qh7 Ng6 27. h3
Ra4 28. Rgd3 Na5 29. Bb4 Nc6 30. Bd2 Qe7 31. Bg2 Rxa3 32. Rxa3 Qxa3 33. Qxf7
Ngxe5 34. Qxe6 Qc5 35. Rc1 Nc4 36. Ke1 Nxd2 37. Kxd2 a5 38. Be4 Rc7 39. Rb1 Nb4
40. Bxb7+ Kxb7 41. Qe4+ Ka7 42. Rb2 Rd7 43. Qf5 Qc6 44. Rxb4 axb4 45. Qd3 Qc5
46. g5 Re7 47. Kd1 Qd5 48. Kc1 Re3 49. Qxd4 Qh1+ 50. Kd2 Rxh3 51. Qd7+ Ka6 52.
Qa4+ Kb7 53. Qd7+ Ka6 54. g6 Qg2 55. g7 Rg3 56. Qa4+ Kb7 57. Qd7+ Ka6 1/2-1/2